Naruto perso - Statistiques

Statistiques générales
  • Ce quiz a été pris 199 fois
  • Le résultat moyen est 29 sur 45
Statistiques - réponses
Réponse % Correct
Naruto
100%
Sasuke
100%
Sakura
99%
Kakashi
98%
Hinata
89%
Itachi
89%
Shikamaru
87%
Choji
86%
Tsunade
85%
Neji
84%
Lee
82%
Ino
81%
Gai
79%
Minato
79%
Tenten
78%
Orochimaru
77%
Madara
76%
Jiraya
75%
Asuma
74%
Kiba
74%
Tobi
74%
Gaara
73%
Pain
72%
Hashirama
69%
Kurenai
67%
Obito
67%
Tobirama
66%
Temari
65%
Deidara
60%
Kushina
60%
Konan
59%
Sasori
57%
Kurama
45%
Akamaru
44%
Yamato
40%
Iruka
39%
Konohamaru
36%
Rin
34%
Shisui
33%
Zabuza
33%
Haku
32%
Zetsu
31%
Indra
7%
Iruzen
5%
Shiyo
2%
Aucun quiz correspondant
Distribution des résultats
% des personnes avec chaque résultat
Percentile par nombre de réponses
Votre historique - résultats
Vous n’avez pas pris ce quiz